000 00897cam a2200301 a 4500
999 _c7743
_d7743
001 7743
003 BD-JhCC
005 20180213133324.0
008 870824s1988 njua b 001 0 eng
020 _a0136937063 :
_c$20.00
035 _a(BD-JhCC)7743
040 _aDLC
_cDLC
_dDLC
_dBD-JhCC
041 _aeng
050 0 0 _aPN4781
_b.P59 1988
082 0 0 _a070.4/3
_219
_bPOR 1988
100 1 _aPorter, Bruce.
245 1 4 _aThe practice of journalism :
_ba guide to reporting and writing the news /
_cBruce Porter, Timothy Ferris.
260 _aEnglewood Cliffs, N.J. :
_bPrentice Hall,
_cc1988.
300 _ax, 389 p. :
_bill. ;
_c24 cm.
500 _aIncludes index.
504 _aBibliography: p. 378-380.
650 0 _aReporters and reporting.
650 0 _aJournalism
_xAuthorship.
650 0 _aReport writing.
700 1 _aFerris, Timothy.
942 _2ddc
_cBK